书目信息 |
| 题名: |
爸爸去哪儿之田亮亲子之道
|
|
| 作者: | ;爸爸去哪儿栏目组 编著 | |
| 分册: | ||
| 出版信息: | 桂林 漓江出版社 2014 |
|
| 页数: | 200页 | |
| 开本: | 24cm | |
| 丛书名: | ||
| 单 册: | ||
| 中图分类: | G781-49 | |
| 科图分类: | ||
| 主题词: | 儿童教育--er tong jiao yu--家庭教育--通俗读物 | |
| 电子资源: | ||
| ISBN: | 978-7-5407-6995-6 | |
| 000 | 01051nam0 2200289 450 | |
| 001 | 012001003015 | |
| 005 | 20131101110008.0 | |
| 010 | @a978-7-5407-6995-6@dCNY29.80 | |
| 099 | @aCAL 012014032524 | |
| 100 | @a20140327d2014 em y0chiy50 ea | |
| 101 | 0 | @achi |
| 102 | @aCN@b450000 | |
| 105 | @aa z 000yy | |
| 106 | @ar | |
| 200 | 1 | @a爸爸去哪儿之田亮亲子之道@Aba ba qu na er zhi tian liang qin zi zhi dao@f《爸爸去哪儿》栏目组编著 |
| 210 | @a桂林@c漓江出版社@d2014 | |
| 215 | @a200页@c图@d24cm | |
| 300 | @a快乐中国 魅丽文化 | |
| 306 | @a《爸爸去哪儿》节目官方授权 | |
| 314 | @a编委会页题主编:谷良、 刘正勇 | |
| 330 | @a本书以田亮和女儿Cindy为主角,看精益求精的老爸和不拘小节的女儿如何碰撞出精彩火花,书中田亮真挚传授奥运冠军老爸如何培养能量小萝莉。 | |
| 517 | 1 | @a田亮亲子之道@Atian liang qin zi zhi dao |
| 606 | 0 | @a儿童教育@Aer tong jiao yu@x家庭教育@j通俗读物 |
| 690 | @aG781-49@v5 | |
| 711 | 02 | @a爸爸去哪儿栏目组@Aba ba qu na er lan mu zu@4编著 |
| 801 | 2 | @aCN@b江苏凤凰@c20191020 |
| 905 | @b1231641-4@dG781-49@e1429@f4 | |
| 爸爸去哪儿之田亮亲子之道/《爸爸去哪儿》栏目组编著.-桂林:漓江出版社,2014 |
| 200页:图;24cm |
| 快乐中国 魅丽文化 |
| ISBN 978-7-5407-6995-6:CNY29.80 |
| 本书以田亮和女儿Cindy为主角,看精益求精的老爸和不拘小节的女儿如何碰撞出精彩火花,书中田亮真挚传授奥运冠军老爸如何培养能量小萝莉。 |
| ● |
| 相关链接 |
|
|
|
|
正题名:爸爸去哪儿之田亮亲子之道
索取号:G781-49/1429
 
预约/预借
| 序号 | 登录号 | 条形码 | 馆藏地/架位号 | 状态 | 备注 |
| 1 | 1231641 | 212316411 | 第一样本阅览室/ [索取号:G781-49/1429] | 在馆 | |
| 2 | 1231642 | 212316420 | 教育系资料室/ [索取号:G781-49/1429] | 在馆 | |
| 3 | 1231643 | 212316439 | 教育系资料室/ [索取号:G781-49/1429] | 在馆 | |
| 4 | 1231644 | 212316448 | 第四借阅区/ [索取号:G781-49/1429] | 在馆 |